European prime ministers - Statistics

General Stats
  • This quiz has been taken 221 times
    8 since last reset
  • The average score is 10 of 45
Answer Stats
Country Prime minister % Correct
Italy Giorgia Meloni
100%
Czech Republic Andrej Babiš
67%
Poland Donald Tusk
67%
Germany Friedrich Merz
67%
United Kingdom Keir Starmer
67%
Hungary Péter Magyar
67%
Slovakia Robert Fico
67%
Kosovo Albin Kurti
33%
Moldova Alexandru Munteanu
33%
Croatia Andrej Plenković
33%
Belgium Bart De Wever
33%
Bosnia and Herzegovina Borjana Krišto
33%
Albania Edi Rama
33%
Latvia Evika Siliņa
33%
North Macedonia Hristijan Mickoski
33%
Estonia Kristen Michal
33%
Denmark Mette Frederiksen
33%
Spain Pedro Sánchez
33%
Slovenia Robert Golob
33%
France Sébastien Lecornu
33%
Sweden Ulf Kristersson
33%
Belarus Alexander Turchin
0%
Liechtenstein Brigitte Haas
0%
Austria Christian Stocker
0%
Monaco Christophe Mirmand
0%
Serbia Đuro Macut
0%
Romania Ilie Bolojan
0%
Lithuania Inga Ruginienė
0%
Norway Jonas Gahr Støre
0%
Iceland Kristrún Frostadóttir
0%
Greece Kyriakos Mitsotakis
0%
San Marino Luca Beccari
0%
Luxembourg Luc Frieden
0%
Portugal Luís Montenegro
0%
Ireland Micheál Martin
0%
Russia Mikhail Mishustin
0%
Montenegro Milojko Spajić
0%
Finland Petteri Orpo
0%
Vatican City Raffaella Petrini
0%
Malta Robert Abela
0%
Netherlands Rob Jetten
0%
Bulgaria Rumen Radev
0%
Switzerland Viktor Rossi
0%
Andorra Xavier Espot Zamora
0%
Ukraine Yulia Svyrydenko
0%
No matching quizzes found
Score Distribution
Percent of People with Each Score
Percentile by Number Answered
Your Score History
You have not taken this quiz since the last reset